| 000 | 00643nam a2200181Ia 4500 | ||
|---|---|---|---|
| 008 | 151202s9999||||xx |||||||||||||| ||und|| | ||
| 082 | _bPNVM-43947 | ||
| 100 | _aजोशी मिलिदं. | ||
| 245 | _aभ्रष्टाचाराचा तहलका. | ||
| 260 | _b"चिनार पब्लिशर्स,पुणे." | ||
| 260 | _c2001 | ||
| 300 | _a143 | ||
| 600 | _aजोशी मिलिदं. | ||
| 630 | _aभ्रष्टाचाराचा तहलका. | ||
| 700 | _aजोशी मिलिदं. | ||
| 730 | _aभ्रष्टाचाराचा तहलका. | ||
| 942 | _cBOOK | ||
| 999 |
_c1309899 _d1309896 |
||